00856 2200229 4500001002100000005001700021008004100038035002400079082001400103090002500117100001900142245022500161260002900386300002400415500008500439500002900524650002400553850001500577980001300592985000600605999001500611YOGYA-0209000003947020090227025457.0 ind  0010-020900000039470 a658.834 2 a658.834 2bSet AlSK aSAETIYANINGSIH aAnalisis faktor-faktor yang mempengaruhi perilaku konsumen dalam membeli mebel merek "Ligna" "Sri" dan " Gracia"b(Survei di perumahan Mataram Bumi Sejahtera, Tiara Grand Estate dan Bumi Intan Permai)coleh Setiyaningsih aYogyakartab[s.n.]c1996 ax, 134, [19] lembar aSkripsi : Fakultas Ekonomi Universitas Pembangunan Nasional "Veteran" Yogyakarta aBibliografi : lembar 135 aKonsumen - Perilaku aYOPDYOG(B) a28-01-08 a1 a07A0028571